000 00595nam a2200145Ia 4500
008 140724s9999 xx 000 0 und d
050 _aNC 997
_b.At872 2013
100 _aAtienza, Jireh Ephraim M.
245 2 _aA promotional Video that incorprorates motion graphics and typography animation for Southville International School and Colleges Multimedia Arts Course /
_cJireh Ephraim M. Atienza.
260 _aLas PiƱas, Philippines :
_bSouthville International School and Colleges,
_cc2013.
300 _a67 p. :
_bcol. ill. ;
_c28 cm.
521 _aMedia Arts
942 _cTH
999 _c229242
_d229242